000 00289nam a22001337a 4500
008 170824b xxu||||| |||| 00| 0 eng d
020 _a9780521395809
041 _aeng
080 _a51
100 _a38
101 _aMAT
245 _aANALYTIC PRO-P GROUPS
_cDIXON,J.D
942 _2udc
_cBK
999 _c24765
_d24765